000 00458cam a2200181ua 4500
020 _c12.50
041 _aeng
_h
082 _a930
_bSWA/HI
100 _aSwain, James Edgar .
245 _aHistory of civilization /
_cJames Edgar Swain.
_hTextual Documents
250 _a2 /
_b.
260 _aNew Delhi :
_bEurasia Publishing house pvt ltd ,
_c1963.
300 _a797 ; .
365 _a12.50
504 _a
942 _cBK
999 _c6332
_d6332